Länder, die mit B beginnen - Umriss Quiz - Statistiken

Allgemein
  • Dieses Quiz wurde 55 mal gespielt
  • Das Durchschnittsergebnis liegt bei 12 aus 17
Antwortstatistiken
Bildquiz Antwort % Korrekt
Benin
93%
Belgien
89%
Bangladesch
87%
Brasilien
85%
Bosnien und Herzegowina
80%
Bahamas
78%
Bulgarien
78%
Belarus
76%
Bolivien
65%
Burkina Faso
65%
Bahrain
63%
Belize
63%
Botswana
63%
Brunei
61%
Burundi
52%
Barbados
50%
Bhutan
50%
Keine übereinstimmenden Quizze gefunden
Verteilung der Resultate
Anzahl Personen mit jedem Resultat
Perzentil nach korrekt beantworteten Fragen
Ihre Resultats-Entwicklung
Sie haben dieses Quiz noch nicht gespielt